1326 1781 1857 1793 1896 1490 1695 1534 1717 1655 1917 1897 1126 1045 1417 1950 1839 1676 1592 1739 1673 1247 1051 1123 1140 1391 1159 1297 1154 1796 1055 1315 1475 1588 1460 1554 1555 1500 1583 1376 1403 1781 1055 1849 1421 1782 1389 1370 1087 1932 1285 1682 1287 1447 1806 1594 1591 1772 1453 1856 1264 1350 1734 1518 1679 1370 1936 1804 1233 1093 1074 1247 1061 1311 1639 1388 1804 1557 1460 1359 1525 1102 1781 1684 1157 1052 1464 1896 1318 1039 1373 1860 1167 1715 1491 1766 1804 1477 1774 BCNSPRNW ULIB Ver.6.0+V

เปลี่ยนเป็นภาษาไทย

Change to English
 แสดงรายละเอียดบรรณานุกรม
  กลับหน้าหลัก

Brief Record : Get Marc (ISO 2709) : E-mail record : QR code < ปิดหน้าต่าง
LEADER : 00000nam 2200000uu 4500
001    13399113686
003     ULIB
008    111215s||||||||th 000 0 tha d
020    ^a9786167017037
090    ^aนว.^bพ626ล 2552
100 0  ^aพาสเวิร์ด
245 00 ^aเล่ห์ลวงบ่วงวิวาห์/^cพาสเวิร์ด
250    ^aพิมพ์ครั้งที่ 1
260    ^aกรุงเทพฯ :^bอักษรศาสตร์,^c2552
300    ^a298 หน้า
710 1  ^aอักษรศาสตร์
945    ^p249^l0^i028091
995    ^aทศพร
999 ^a ทศพร
รายการนี้ยังไม่มีแท็ก
คุณยังไม่ได้ล็อกอิน คุณสามารถมีกิจกรรมร่วมกับเว็บไซต์ได้ แต่ต้องล็อกอินก่อน ::
  ล็อกอิน

รายการสื่อสารสนเทศ

ลำดับที่ ประเภท เลขเรียก/บาร์โค้ด สถานที่ สถานะ
1. นวนิยาย
นวนิยาย
นว. พ626ล 2552 ฉ.1 
  Barcode: 028091
ห้องสมุดวิทยาเขตสวรรค์ประชารักษ์
►นวนิยาย
บนชั้น
  ขอยืม

รายการใกล้เคียง
    ผู้แต่ง [พาสเวิร์ด]

BibComment


ยังไม่เคยถูกคอมเมนท์

คอมเมนท์ทรัพยากรรายการนี้
  คอมเมนท์: เล่ห์ลวงบ่วงวิวา..


 Copyright 2026. Bcnsprnw @Library